Miasta województwa podkarpackiego - nagła śmierć - Statystyki

Ogólne statystyki
  • Ten quiz został rozwiązany 234 razy
  • Średni wynik to 8 z 14
Answers on the Grid
Answers color-coded by a green-red scale on the quiz's grid according to % correct below.
Nowy Targ
Krosno
Mońki
Iława
Pilzno
Dubiecko
Ulanów
Opatowiec
Nowa Dęba
Nysa
Brzeg Dolny
Nakło nad Notecią
Jawornik Polski
Pruszków
Tarnobrzeg
Olkusz
Bircza
Piła
Dzierzgoń
Jedlicze
Kołaczyce
Biecz
Gorlice
Jarosław
Kępice
Czchów
Pacanów
Kolbuszowa
Baranów Sandomierski
Sandomierz
Przeworsk
Bytom
 
Statystyki odpowiedzi
Odpowiedź % Poprawnych
Krosno
95%
Jarosław
77%
Tarnobrzeg
75%
Kolbuszowa
67%
Przeworsk
67%
Pilzno
62%
Nowa Dęba
59%
Dubiecko
50%
Jedlicze
49%
Baranów Sandomierski
48%
Bircza
48%
Ulanów
44%
Jawornik Polski
43%
Kołaczyce
37%
Nie znaleziono quizów pasujących do podanych kryteriów
Rozkład punktacji
Procent ludzi z każdym wynikiem
Percentyl według liczby udzielonych odpowiedzi
Twoja historia wyników
Nie rozwiązałeś tego quizu